000 00632nam a2200229Ia 4500
003 OSt
005 20220925203037.0
006 a|||||r|||| 00| 0
007 ta
008 220923b |||||||| |||| 00| 0 eng d
037 _cGeneral Book
040 _aRTL
_cRTL
_beng
041 _2eng
_aeng
082 _aX:93oj9915.2.N7, L1
100 _aGupta R D
_9264793
245 0 _aWage flexibility and full employment
260 _aDelhi
_bVikas India
_c1971
300 _aviii, 104p.
_ccm.
650 _aWages
_9229845
942 _hX:93oj9915.2.N7, L1
_cGB
_2CC
999 _c545045
_d545045